01553cam a2200385 a 4500001000700000003001700007005001700024008004100041010001600082020009700098035001600195040003100211050001900242060001500261082001600276100006200292245007700354250008200431260004200513300002700555336002600582337002800608338002700636500009600663505012300759650002600882650001600908650001800924650001400942700005600956700003601012700001801048740005601066740004501122322786ALUPE UNIVERSITY20210629112651.0840604m19831984enka b 1 0 eng d a 83014501 a0713144246 (v. 1)z0713144254 (v. 2)z0713144262 (v. 3)z0713144270 (v. 4)z071314424 (v. 1) aocm09684228 aDLCbengcALUPE UNIVERSITY00aQR46b.T6 1983 0aQW 4 T675p0 a616/.012191 aTopley, W. W. C.q(William Whiteman Carlton),d1886-1944.10aTopley and Wilson's Principles of bacteriology, virology, and immunity . a7th ed. /bgeneral editors, Sir Graham Wilson, Sir Ashley Miles, M.T. Parker. aLondon :bEdward Arnold,cc1983-1984. a4 v. :bill. ;c26 cm. atextbtxt2rdacontent aunmediatedbn2rdamedia avolumebnc2rdacarrier aPrevious editions under title: Topley and Wilson's Principles of bacteriology and immunity.1 av. 1.General microbiology and immunity -- v. 2. Systematic bacteriology.-- v. 3. Bacterial diseases. -- v. 4. Virology 0aMedical microbiology. 0aImmunology. 0aBacteriology. 0aVirology.1 aWilson, Graham S.q(Graham Selby),cSir,d1895-19871 aMiles, Ashley,cSir,d1904-19881 aParker, M. T.0 aPrinciples of bacteriology, virology, and immunity.0 aPrinciples of bacteriology and immunity.